Χρηματοοικονομικά θέματα : για την Γ' τάξη του ενιαίου πολυκλαδικού λυκείου

Αποθηκεύτηκε σε:
Λεπτομέρειες βιβλιογραφικής εγγραφής
Κύριος συγγραφέας: Κουζέλης, Ανδρέας Κ.
Άλλοι συγγραφείς: Βουτσινάς, Γεώργιος Σ., Πουλημένος, Παναγιώτης
Μορφή: Βιβλίο
Γλώσσα:Greek
Δημοσίευση: Αθήνα : Ο.Ε.Δ.Β., 1987
Θέματα:
Ετικέτες: Προσθήκη ετικέτας
Δεν υπάρχουν, Καταχωρήστε ετικέτα πρώτοι!

MARC

LEADER 00000nam a2200000 i 4500
001 1/77188
008 960524s1987 gre d
035 |a 1989  |b 2  |c Δωρεά  |l 10032598 
040 |a GR-MY-UA  |b gre  |e aacr 
041 0 |a gre 
082 0 |a 332.1 
100 1 |a Κουζέλης, Ανδρέας Κ. 
245 1 0 |a Χρηματοοικονομικά θέματα :  |b για την Γ' τάξη του ενιαίου πολυκλαδικού λυκείου /  |c Ανδρέας Κ. Κουζέλης, Γεώργιος Σ. Βουτσινάς, Παναγιώτης Πουλημένος 
260 |a Αθήνα :   |b Ο.Ε.Δ.Β.,   |c 1987 
300 |a 3 τ. [σε 2] 
505 0 |a τ.1: Χρήμα και Πιστωτικά Ιδρύματα / Ανδρέας Κ. Κουζέλης. - τ.2: Αρχές Λογιστικής / Γεώργιος Σ. Βουτσινάς. - τ.3: Τραπεζική Τεχνική / Παναγιώτης Πουλημένος. 
650 0 0 |a Banks and banking  |x Study and teaching (Secondary) 
650 0 0 |a Money. 
650 0 0 |a Accounting. 
700 1 |a Βουτσινάς, Γεώργιος Σ. 
700 1 |a Πουλημένος, Παναγιώτης. 
852 |a INST  |b RHODES  |e 19960524  |h 332.1 ΧΡΗ  |p 005400003304  |q 005400003304  |t BK  |y 0  |z τ.3 
852 |a INST  |b RHODES  |e 19960524  |h 332.1 ΧΡΗ  |p 005400003305  |q 005400003305  |t BK  |y 0  |z τ.3 
852 |a INST  |b RHODES  |e 19960524  |h 332.1 ΧΡΗ  |p 005400003306  |q 005400003306  |t BK  |y 0  |z τ.3 
852 |a INST  |b RHODES  |e 19960524  |h 332.1 ΧΡΗ  |p 005400003307  |q 005400003307  |t BK  |y 0  |z τ.1-2 
852 |a INST  |b RHODES  |e 19960524  |h 332.1 ΧΡΗ  |p 005400003308  |q 005400003308  |t BK  |y 0  |z τ.1-2 
852 |a INST  |b RHODES  |e 19960524  |h 332.1 ΧΡΗ  |p 005400003309  |q 005400003309  |t BK  |y 0  |z τ.1-2 
852 |a INST  |b RHODES  |e 19960524  |h 332.1 ΧΡΗ  |p 005400003304  |q 005400003304  |t BK  |v τ.3:  |y 0  |z τ.3 
852 |a INST  |b RHODES  |e 19960524  |h 332.1 ΧΡΗ  |p 005400003305  |q 005400003305  |t BK  |v τ.3:  |y 0  |z τ.3 
852 |a INST  |b RHODES  |e 19960524  |h 332.1 ΧΡΗ  |p 005400003306  |q 005400003306  |t BK  |v τ.3:  |y 0  |z τ.3 
852 |a INST  |b RHODES  |e 19960524  |h 332.1 ΧΡΗ  |p 005400003307  |q 005400003307  |t BK  |v τ.1-2:  |y 0  |z τ.1-2 
852 |a INST  |b RHODES  |e 19960524  |h 332.1 ΧΡΗ  |p 005400003308  |q 005400003308  |t BK  |v τ.1-2:  |y 0  |z τ.1-2 
852 |a INST  |b RHODES  |e 19960524  |h 332.1 ΧΡΗ  |p 005400003309  |q 005400003309  |t BK  |v τ.1-2:  |y 0  |z τ.1-2 
853 |a INST  |b RHODES  |h 332.1 ΧΡΗ 
909 |a Ρ  |b 014435  |c 1989 
909 |a Ρ  |b 014436  |c 1989 
909 |a Ρ  |b 014437  |c 1989 
909 |a Ρ  |b 014438  |c 1989 
909 |a Ρ  |b 014439  |c 1989 
909 |a Ρ  |b 014440  |c 1989